[Event "2nd Easter 4NCL Congress"]
[Site "Daventry"]
[Date "2022.04.18"]
[Round "6"]
[Board "14"]
[White "Ireland, David J"]
[Black "Jaszkiwskyj, Peter"]
[Result "1-0"]
[WhiteElo "2109"]
[BlackElo "1950"]
[PlyCount "0"]
[EventDate "2022.04.15"]
[EventRounds "7"]
[EventCountry "ENG"]

1. e4 {[%clk 01:25:06]} {[%emt 00:05:53]} e6 {[%clk 01:30:41]} {[%emt
00:00:19]} 2. c4 {[%clk 01:25:04]} {[%emt 00:00:33]} d5 {[%clk 01:30:53]}
{[%emt 00:00:16]} 3. cxd5 {[%clk 01:25:06]} {[%emt 00:00:30]} exd5 {[%clk
01:31:10]} {[%emt 00:00:12]} 4. exd5 {[%clk 01:25:27]} {[%emt 00:00:10]} Nf6
{[%clk 01:30:52]} {[%emt 00:00:47]} 5. Nc3 {[%clk 01:25:52]} {[%emt 00:00:05]}
g6 {[%clk 01:29:57]} {[%emt 00:01:25]} 6. d4 {[%clk 01:22:20]} {[%emt
00:04:02]} Nbd7 {[%clk 01:29:02]} {[%emt 00:01:25]} 7. Bb5 {[%clk 01:21:19]}
{[%emt 00:01:31]} a6 {[%clk 01:28:14]} {[%emt 00:01:18]} 8. Bxd7+ {[%clk
01:20:58]} {[%emt 00:00:51]} Bxd7 {[%clk 01:27:53]} {[%emt 00:00:51]} 9. Bg5
{[%clk 01:16:47]} {[%emt 00:04:41]} Qe7+ {[%clk 01:25:38]} {[%emt 00:02:44]} 10.
Qe2 {[%clk 01:05:38]} {[%emt 00:11:39]} Qxe2+ {[%clk 01:22:27]} {[%emt
00:03:42]} 11. Kxe2 {[%clk 01:04:08]} {[%emt 00:02:01]} Bg7 {[%clk 01:20:11]}
{[%emt 00:02:46]} 12. Nf3 {[%clk 01:02:54]} {[%emt 00:01:43]} O-O-O {[%clk
01:13:31]} {[%emt 00:07:09]} 13. Ne5 {[%clk 00:59:36]} {[%emt 00:03:49]} Be8
{[%clk 01:09:11]} {[%emt 00:04:50]} 14. Rac1 {[%clk 00:52:25]} {[%emt
00:07:42]} b5 {[%clk 01:02:21]} {[%emt 00:07:19]} 15. f3 {[%clk 00:43:49]}
{[%emt 00:09:07]} h6 {[%clk 01:02:09]} {[%emt 00:00:40]} 16. Bxf6 {[%clk
00:44:04]} {[%emt 00:00:16]} Bxf6 {[%clk 01:02:27]} {[%emt 00:00:11]} 17. Rhd1
{[%clk 00:43:04]} {[%emt 00:01:32]} Bg5 {[%clk 00:56:59]} {[%emt 00:05:57]} 18.
Rc2 {[%clk 00:35:40]} {[%emt 00:07:54]} b4 {[%clk 00:55:19]} {[%emt 00:02:10]}
19. Ne4 {[%clk 00:35:13]} {[%emt 00:00:58]} Rxd5 {[%clk 00:55:02]} {[%emt
00:00:46]} 20. Nxg5 {[%clk 00:33:48]} {[%emt 00:01:55]} hxg5 {[%clk 00:55:08]}
{[%emt 00:00:25]} 21. Rdc1 {[%clk 00:33:41]} {[%emt 00:00:37]} Rxd4 {[%clk
00:45:45]} {[%emt 00:09:53]} 22. Rxc7+ {[%clk 00:33:56]} {[%emt 00:00:16]} Kb8
{[%clk 00:46:02]} {[%emt 00:00:11]} 23. Rc8+ {[%clk 00:29:34]} {[%emt
00:04:54]} Kb7 {[%clk 00:46:11]} {[%emt 00:00:19]} 24. Ke3 {[%clk 00:28:48]}
{[%emt 00:01:17]}  1-0

[Event "2nd Easter 4NCL Congress"]
[Site "Daventry"]
[Date "2022.04.18"]
[Round "6"]
[Board "15"]
[White "Handley, Michael R"]
[Black "Cordova Lopez, Diego Anton"]
[Result "1-0"]
[WhiteElo "2064"]
[BlackElo "1896"]
[PlyCount "0"]
[EventDate "2022.04.15"]
[EventRounds "7"]
[EventCountry "ENG"]

1. d4 {[%clk 01:30:57]} {[%emt 00:00:03]} d5 {[%clk 01:30:55]} {[%emt
00:00:05]} 2. c4 {[%clk 01:31:23]} {[%emt 00:00:04]} e6 {[%clk 01:31:21]}
{[%emt 00:00:04]} 3. Nf3 {[%clk 01:31:49]} {[%emt 00:00:03]} Nf6 {[%clk
01:31:47]} {[%emt 00:00:05]} 4. g3 {[%clk 01:32:15]} {[%emt 00:00:04]} dxc4
{[%clk 01:32:03]} {[%emt 00:00:14]} 5. Bg2 {[%clk 01:32:41]} {[%emt 00:00:04]}
a6 {[%clk 01:32:26]} {[%emt 00:00:07]} 6. O-O {[%clk 01:32:28]} {[%emt
00:00:44]} b5 {[%clk 01:32:39]} {[%emt 00:00:17]} 7. Ne5 {[%clk 01:32:09]}
{[%emt 00:00:47]} c6 {[%clk 01:32:58]} {[%emt 00:00:12]} 8. Nxc6 {[%clk
01:31:30]} {[%emt 00:01:09]} Qb6 {[%clk 01:33:18]} {[%emt 00:00:09]} 9. Nxb8
{[%clk 01:21:08]} {[%emt 00:10:53]} Rxb8 {[%clk 01:33:46]} {[%emt 00:00:02]} 10.
e4 {[%clk 01:21:28]} {[%emt 00:00:10]} Bb7 {[%clk 01:32:53]} {[%emt 00:01:23]}
11. Re1 {[%clk 01:21:46]} {[%emt 00:00:12]} Be7 {[%clk 01:30:55]} {[%emt
00:02:28]} 12. b3 {[%clk 01:18:42]} {[%emt 00:03:34]} cxb3 {[%clk 01:30:41]}
{[%emt 00:00:45]} 13. axb3 {[%clk 01:19:06]} {[%emt 00:00:05]} Bb4 {[%clk
01:29:10]} {[%emt 00:02:01]} 14. Re2 {[%clk 01:18:07]} {[%emt 00:01:29]} O-O
{[%clk 01:27:45]} {[%emt 00:01:55]} 15. Bb2 {[%clk 01:17:45]} {[%emt 00:00:52]}
Rbc8 {[%clk 01:26:34]} {[%emt 00:01:42]} 16. Qd3 {[%clk 01:16:15]} {[%emt
00:01:59]} Rfd8 {[%clk 01:24:44]} {[%emt 00:02:20]} 17. Nd2 {[%clk 01:15:46]}
{[%emt 00:00:58]} h6 {[%clk 01:21:28]} {[%emt 00:03:47]} 18. Nf1 {[%clk
01:14:35]} {[%emt 00:01:41]} Rd7 {[%clk 01:11:13]} {[%emt 00:10:45]} 19. d5
{[%clk 00:53:02]} {[%emt 00:22:02]} Rcd8 {[%clk 00:45:20]} {[%emt 00:26:24]} 20.
Bxf6 {[%clk 00:46:44]} {[%emt 00:06:48]} gxf6 {[%clk 00:45:48]} {[%emt
00:00:02]} 21. Qf3 {[%clk 00:47:01]} {[%emt 00:00:13]} exd5 {[%clk 00:45:09]}
{[%emt 00:01:09]} 22. Qg4+ {[%clk 00:47:17]} {[%emt 00:00:14]} Kh8 {[%clk
00:38:30]} {[%emt 00:07:09]} 23. exd5 {[%clk 00:46:09]} {[%emt 00:01:38]} Bf8
{[%clk 00:38:01]} {[%emt 00:00:59]} 24. Ne3 {[%clk 00:44:43]} {[%emt 00:01:56]}
Re7 {[%clk 00:27:01]} {[%emt 00:11:30]} 25. Rd1 {[%clk 00:40:16]} {[%emt
00:04:57]} Re5 {[%clk 00:26:32]} {[%emt 00:00:59]} 26. Nf5 {[%clk 00:36:42]}
{[%emt 00:04:03]} Rxe2 {[%clk 00:13:48]} {[%emt 00:13:14]} 27. Qxe2 {[%clk
00:36:17]} {[%emt 00:00:55]} Bc8 {[%clk 00:11:48]} {[%emt 00:02:30]} 28. Qh5
{[%clk 00:32:47]} {[%emt 00:04:00]}  1-0

[Event "2nd Easter 4NCL Congress"]
[Site "Daventry"]
[Date "2022.04.18"]
[Round "6"]
[Board "18"]
[White "Chan, Sheng Liang Bernard"]
[Black "Li, Ethan Bingxuan"]
[Result "1/2-1/2"]
[WhiteElo "2086"]
[BlackElo "1851"]
[PlyCount "0"]
[EventDate "2022.04.15"]
[EventRounds "7"]
[EventCountry "ENG"]

1. d4 {[%clk 01:30:55]} {[%emt 00:00:04]} Nf6 {[%clk 01:30:53]} {[%emt
00:00:08]} 2. c4 {[%clk 01:31:22]} {[%emt 00:00:03]} g6 {[%clk 01:31:16]}
{[%emt 00:00:07]} 3. Nc3 {[%clk 01:31:49]} {[%emt 00:00:04]} Bg7 {[%clk
01:31:39]} {[%emt 00:00:05]} 4. e4 {[%clk 01:32:12]} {[%emt 00:00:07]} d6
{[%clk 01:32:03]} {[%emt 00:00:06]} 5. Bd3 {[%clk 01:32:25]} {[%emt 00:00:17]}
c5 {[%clk 01:31:50]} {[%emt 00:00:43]} 6. d5 {[%clk 01:29:50]} {[%emt
00:03:06]} e6 {[%clk 01:31:42]} {[%emt 00:00:37]} 7. Nge2 {[%clk 01:29:14]}
{[%emt 00:01:07]} exd5 {[%clk 01:31:52]} {[%emt 00:00:19]} 8. exd5 {[%clk
01:29:16]} {[%emt 00:00:28]} a6 {[%clk 01:31:37]} {[%emt 00:00:46]} 9. O-O
{[%clk 01:29:09]} {[%emt 00:00:37]} O-O {[%clk 01:31:42]} {[%emt 00:00:25]} 10.
Bg5 {[%clk 01:28:13]} {[%emt 00:01:26]} Qc7 {[%clk 01:30:53]} {[%emt 00:01:19]}
11. h3 {[%clk 01:27:06]} {[%emt 00:01:37]} Nfd7 {[%clk 01:19:28]} {[%emt
00:11:55]} 12. f4 {[%clk 01:23:02]} {[%emt 00:04:33]} f5 {[%clk 01:17:12]}
{[%emt 00:02:46]} 13. Kh1 {[%clk 01:20:03]} {[%emt 00:03:29]} Nf6 {[%clk
01:15:51]} {[%emt 00:01:52]} 14. a3 {[%clk 01:17:25]} {[%emt 00:03:08]} Bd7
{[%clk 01:11:43]} {[%emt 00:04:38]} 15. Qc2 {[%clk 01:14:19]} {[%emt 00:03:35]}
Be8 {[%clk 01:09:54]} {[%emt 00:02:18]} 16. Rae1 {[%clk 01:10:59]} {[%emt
00:03:51]} Nbd7 {[%clk 01:08:51]} {[%emt 00:01:33]} 17. Ng1 {[%clk 01:10:34]}
{[%emt 00:00:55]} Bf7 {[%clk 01:08:44]} {[%emt 00:00:38]} 18. Nf3 {[%clk
01:07:41]} {[%emt 00:03:22]} h6 {[%clk 01:03:07]} {[%emt 00:06:08]} 19. Bh4
{[%clk 01:06:21]} {[%emt 00:01:50]} Rfe8 {[%clk 01:01:08]} {[%emt 00:02:28]} 20.
Bg3 {[%clk 00:59:11]} {[%emt 00:07:40]} Nf8 {[%clk 00:59:42]} {[%emt 00:01:56]}
21. Bh2 {[%clk 00:58:36]} {[%emt 00:01:06]} Qd7 {[%clk 00:59:32]} {[%emt
00:00:39]} 22. a4 {[%clk 00:50:15]} {[%emt 00:08:52]} Rxe1 {[%clk 00:58:22]}
{[%emt 00:01:41]} 23. Rxe1 {[%clk 00:48:57]} {[%emt 00:01:47]} Re8 {[%clk
00:58:33]} {[%emt 00:00:17]} 24. Rb1 {[%clk 00:44:12]} {[%emt 00:05:17]} Qc7
{[%clk 00:53:24]} {[%emt 00:05:39]} 25. Re1 {[%clk 00:38:01]} {[%emt 00:06:42]}
Rxe1+ {[%clk 00:52:00]} {[%emt 00:01:53]} 26. Nxe1 {[%clk 00:38:29]} {[%emt
00:00:02]} Qe7 {[%clk 00:51:09]} {[%emt 00:01:21]} 27. Nf3 {[%clk 00:38:25]}
{[%emt 00:00:34]} Be8 {[%clk 00:48:48]} {[%emt 00:02:50]} 28. Nd1 {[%clk
00:34:45]} {[%emt 00:04:12]} Bd7 {[%clk 00:48:06]} {[%emt 00:01:10]} 29. b3
{[%clk 00:30:43]} {[%emt 00:04:34]} Qe8 {[%clk 00:47:34]} {[%emt 00:01:01]} 30.
Qe2 {[%clk 00:29:09]} {[%emt 00:02:04]} Qxe2 {[%clk 00:43:55]} {[%emt
00:04:09]} 31. Bxe2 {[%clk 00:29:37]} {[%emt 00:00:02]} Ne4 {[%clk 00:44:10]}
{[%emt 00:00:16]} 32. Bd3 {[%clk 00:29:28]} {[%emt 00:00:39]} Nc3 {[%clk
00:41:04]} {[%emt 00:03:36]} 33. Nxc3 {[%clk 00:27:24]} {[%emt 00:02:34]} Bxc3
{[%clk 00:40:50]} {[%emt 00:00:42]} 34. Bg3 {[%clk 00:26:28]} {[%emt 00:01:27]}
Kf7 {[%clk 00:38:44]} {[%emt 00:02:37]} 35. Kg1 {[%clk 00:25:24]} {[%emt
00:01:31]} Nh7 {[%clk 00:37:51]} {[%emt 00:01:24]} 36. Bh4 {[%clk 00:25:36]}
{[%emt 00:00:18]} Bf6 {[%clk 00:37:42]} {[%emt 00:00:40]} 37. Be1 {[%clk
00:24:29]} {[%emt 00:01:37]} Bd8 {[%clk 00:36:37]} {[%emt 00:01:35]} 38. Bc3
{[%clk 00:23:40]} {[%emt 00:01:17]} b6 {[%clk 00:35:18]} {[%emt 00:01:50]} 39.
Kf2 {[%clk 00:23:12]} {[%emt 00:00:58]} Bf6 {[%clk 00:34:52]} {[%emt 00:00:57]}
40. Bd2 {[%clk 00:23:10]} {[%emt 00:00:32]} a5 {[%clk 00:34:47]} {[%emt
00:00:35]} 41. Nh2 {[%clk 00:21:54]} {[%emt 00:01:45]} Bd4+ {[%clk 00:28:27]}
{[%emt 00:06:51]} 42. Ke2 {[%clk 00:16:55]} {[%emt 00:05:28]} Nf6 {[%clk
00:26:42]} {[%emt 00:02:15]} 43. Nf3 {[%clk 00:17:17]} {[%emt 00:00:08]} Bb2
{[%clk 00:26:56]} {[%emt 00:00:17]} 44. Nh4 {[%clk 00:15:48]} {[%emt 00:01:58]}
Nh5 {[%clk 00:26:02]} {[%emt 00:01:25]} 45. g4 {[%clk 00:14:13]} {[%emt
00:02:03]} Ng7 {[%clk 00:26:24]} {[%emt 00:00:09]} 46. Kf3 {[%clk 00:13:30]}
{[%emt 00:01:14]} h5 {[%clk 00:24:16]} {[%emt 00:02:37]} 47. gxf5 {[%clk
00:13:05]} {[%emt 00:00:54]} Nxf5 {[%clk 00:24:05]} {[%emt 00:00:43]} 48. Bxf5
{[%clk 00:09:51]} {[%emt 00:03:44]} Bxf5 {[%clk 00:24:08]} {[%emt 00:00:27]} 49.
Nxf5 {[%clk 00:09:52]} {[%emt 00:00:29]} gxf5 {[%clk 00:24:30]} {[%emt
00:00:08]} 50. Kg3 {[%clk 00:09:34]} {[%emt 00:00:47]} Bf6 {[%clk 00:24:54]}
{[%emt 00:00:04]} 51. Be1 {[%clk 00:09:58]} {[%emt 00:00:08]} Kg6 {[%clk
00:25:20]} {[%emt 00:00:04]} 52. Kf3 {[%clk 00:09:00]} {[%emt 00:01:28]} Kh6
{[%clk 00:25:45]} {[%emt 00:00:06]} 53. Ke3 {[%clk 00:08:21]} {[%emt 00:01:09]}
Kg6 {[%clk 00:26:08]} {[%emt 00:00:07]} 54. Kd3 {[%clk 00:08:29]} {[%emt
00:00:21]} Kh6 {[%clk 00:26:31]} {[%emt 00:00:07]} 55. Kc2 {[%clk 00:08:39]}
{[%emt 00:00:20]} Kg6 {[%clk 00:26:53]} {[%emt 00:00:08]} 56. Kb1 {[%clk
00:09:03]} {[%emt 00:00:07]} Kf7 {[%clk 00:26:51]} {[%emt 00:00:32]} 57. Ka2
{[%clk 00:08:52]} {[%emt 00:00:41]} Kg6 {[%clk 00:26:49]} {[%emt 00:00:32]} 58.
Bf2 {[%clk 00:07:34]} {[%emt 00:01:47]} Kf7 {[%clk 00:27:08]} {[%emt 00:00:11]}
59. Be3 {[%clk 00:07:35]} {[%emt 00:00:30]} Ke8 {[%clk 00:27:26]} {[%emt
00:00:10]} 60. Bd2 {[%clk 00:07:22]} {[%emt 00:00:44]} Kd7 {[%clk 00:27:52]}
{[%emt 00:00:05]} 61. Be1 {[%clk 00:07:37]} {[%emt 00:00:14]} Kc7 {[%clk
00:28:11]} {[%emt 00:00:12]} 62. Kb1 {[%clk 00:07:18]} {[%emt 00:00:49]} Kd7
{[%clk 00:28:33]} {[%emt 00:00:08]} 63. Ka2 {[%clk 00:07:28]} {[%emt 00:00:20]}
Kc7 {[%clk 00:28:59]} {[%emt 00:00:04]} 64. Bf2 {[%clk 00:06:38]} {[%emt
00:01:20]} Kd7 {[%clk 00:29:24]} {[%emt 00:00:05]} 65. Kb1 {[%clk 00:05:38]}
{[%emt 00:01:29]} Kc7 {[%clk 00:29:40]} {[%emt 00:00:15]} 66. Kc2 {[%clk
00:06:01]} {[%emt 00:00:07]} Kd7 {[%clk 00:30:07]} {[%emt 00:00:03]} 67. Be1
{[%clk 00:06:27]} {[%emt 00:00:04]} Ke7 {[%clk 00:30:30]} {[%emt 00:00:06]} 68.
Bc3 {[%clk 00:06:33]} {[%emt 00:00:24]} Bxc3 {[%clk 00:30:56]} {[%emt
00:00:05]}  1/2-1/2

[Event "2nd Easter 4NCL Congress"]
[Site "Daventry"]
[Date "2022.04.18"]
[Round "6"]
[Board "19"]
[White "Skettos, Nicolas"]
[Black "Shearsby, Jude"]
[Result "1/2-1/2"]
[WhiteElo "2067"]
[BlackElo "2053"]
[PlyCount "0"]
[EventDate "2022.04.15"]
[EventRounds "7"]
[EventCountry "ENG"]

1. e4 {[%clk 01:30:59]} c5 {[%clk 01:23:49]} {[%emt 00:07:12]} 2. Nf3 {[%clk
01:31:12]} {[%emt 00:00:16]} d6 {[%clk 01:24:13]} {[%emt 00:00:06]} 3. d4
{[%clk 01:31:40]} {[%emt 00:00:03]} cxd4 {[%clk 01:24:38]} {[%emt 00:00:06]} 4.
Nxd4 {[%clk 01:32:08]} {[%emt 00:00:01]} Nf6 {[%clk 01:24:58]} {[%emt
00:00:09]} 5. Nc3 {[%clk 01:32:36]} {[%emt 00:00:03]} a6 {[%clk 01:25:23]}
{[%emt 00:00:06]} 6. Be2 {[%clk 01:32:51]} {[%emt 00:00:15]} e5 {[%clk
01:25:33]} {[%emt 00:00:21]} 7. Nf3 {[%clk 01:33:15]} {[%emt 00:00:05]} Be7
{[%clk 01:25:17]} {[%emt 00:00:46]} 8. Bg5 {[%clk 01:33:40]} {[%emt 00:00:05]}
Be6 {[%clk 01:25:22]} {[%emt 00:00:25]} 9. Bxf6 {[%clk 01:34:04]} {[%emt
00:00:06]} Bxf6 {[%clk 01:25:47]} {[%emt 00:00:05]} 10. O-O {[%clk 01:34:19]}
{[%emt 00:00:15]} O-O {[%clk 01:25:58]} {[%emt 00:00:18]} 11. Nd5 {[%clk
01:34:39]} {[%emt 00:00:11]} Be7 {[%clk 01:24:17]} {[%emt 00:02:10]} 12. Bc4
{[%clk 01:33:56]} {[%emt 00:01:14]} Nd7 {[%clk 01:23:28]} {[%emt 00:01:19]} 13.
Qe2 {[%clk 01:29:55]} {[%emt 00:04:30]} Rc8 {[%clk 01:11:39]} {[%emt 00:12:20]}
14. Rfd1 {[%clk 01:09:44]} {[%emt 00:20:40]} Nb6 {[%clk 01:03:09]} {[%emt
00:09:00]} 15. Bb3 {[%clk 00:58:24]} {[%emt 00:11:49]} Rc5 {[%clk 01:00:11]}
{[%emt 00:03:30]} 16. Nxb6 {[%clk 00:57:58]} {[%emt 00:00:56]} Qxb6 {[%clk
00:58:21]} {[%emt 00:02:19]} 17. Bxe6 {[%clk 00:47:32]} {[%emt 00:10:56]}
 1/2-1/2

[Event "2nd Easter 4NCL Congress"]
[Site "Daventry"]
[Date "2022.04.18"]
[Round "6"]
[Board "20"]
[White "Sullivan, Daniel Js"]
[Black "Gordon, Sean"]
[Result "1/2-1/2"]
[WhiteElo "2061"]
[BlackElo "1887"]
[PlyCount "0"]
[EventDate "2022.04.15"]
[EventRounds "7"]
[EventCountry "ENG"]

1. d4 {[%clk 01:30:57]} {[%emt 00:00:02]} d5 {[%clk 01:30:56]} {[%emt
00:00:05]} 2. c4 {[%clk 01:31:22]} {[%emt 00:00:05]} c6 {[%clk 01:31:22]}
{[%emt 00:00:04]} 3. Nf3 {[%clk 01:31:47]} {[%emt 00:00:04]} Nf6 {[%clk
01:31:47]} {[%emt 00:00:06]} 4. Nc3 {[%clk 01:32:11]} {[%emt 00:00:06]} e6
{[%clk 01:32:11]} {[%emt 00:00:05]} 5. Bg5 {[%clk 01:32:35]} {[%emt 00:00:05]}
dxc4 {[%clk 01:32:29]} {[%emt 00:00:14]} 6. e4 {[%clk 01:32:51]} {[%emt
00:00:13]} b5 {[%clk 01:32:50]} {[%emt 00:00:10]} 7. e5 {[%clk 01:33:01]}
{[%emt 00:00:20]} h6 {[%clk 01:33:14]} {[%emt 00:00:06]} 8. Bh4 {[%clk
01:33:26]} {[%emt 00:00:03]} g5 {[%clk 01:33:39]} {[%emt 00:00:06]} 9. Nxg5
{[%clk 01:33:52]} {[%emt 00:00:04]} hxg5 {[%clk 01:34:04]} {[%emt 00:00:05]} 10.
Bxg5 {[%clk 01:34:17]} {[%emt 00:00:05]} Nbd7 {[%clk 01:34:17]} {[%emt
00:00:17]} 11. g3 {[%clk 01:34:18]} {[%emt 00:00:29]} Bb7 {[%clk 01:34:30]}
{[%emt 00:00:18]} 12. Bg2 {[%clk 01:34:41]} {[%emt 00:00:06]} Qb6 {[%clk
01:34:55]} {[%emt 00:00:05]} 13. exf6 {[%clk 01:34:35]} {[%emt 00:00:36]} O-O-O
{[%clk 01:35:11]} {[%emt 00:00:15]} 14. O-O {[%clk 01:34:05]} {[%emt 00:00:59]}
c5 {[%clk 01:35:22]} {[%emt 00:00:19]} 15. d5 {[%clk 01:33:36]} {[%emt
00:00:59]} b4 {[%clk 01:35:20]} {[%emt 00:00:32]} 16. Na4 {[%clk 01:32:51]}
{[%emt 00:01:15]} Qa6 {[%clk 01:35:17]} {[%emt 00:00:33]} 17. a3 {[%clk
01:31:30]} {[%emt 00:01:51]} Bxd5 {[%clk 01:35:31]} {[%emt 00:00:17]} 18. Bxd5
{[%clk 01:29:12]} {[%emt 00:02:48]} Ne5 {[%clk 01:35:18]} {[%emt 00:00:42]} 19.
Nxc5 {[%clk 01:27:05]} {[%emt 00:02:38]} Bxc5 {[%clk 01:35:07]} {[%emt
00:00:41]} 20. Qe2 {[%clk 01:26:01]} {[%emt 00:01:34]} Bxf2+ {[%clk 01:22:07]}
{[%emt 00:13:30]} 21. Qxf2 {[%clk 01:17:14]} {[%emt 00:09:16]} Rxd5 {[%clk
01:13:27]} {[%emt 00:09:10]} 22. axb4 {[%clk 01:11:50]} {[%emt 00:05:55]} Qc6
{[%clk 00:51:50]} {[%emt 00:22:07]} 23. Qxa7 {[%clk 01:06:00]} {[%emt
00:06:20]} Rhd8 {[%clk 00:40:26]} {[%emt 00:11:53]} 24. Qa8+ {[%clk 00:58:39]}
{[%emt 00:07:52]} Qxa8 {[%clk 00:40:23]} {[%emt 00:00:33]} 25. Rxa8+ {[%clk
00:59:03]} {[%emt 00:00:06]} Kb7 {[%clk 00:39:23]} {[%emt 00:01:31]} 26. Rxd8
{[%clk 00:58:43]} {[%emt 00:00:49]} Rxd8 {[%clk 00:39:45]} {[%emt 00:00:07]} 27.
h4 {[%clk 00:57:25]} {[%emt 00:01:47]} Rd4 {[%clk 00:32:40]} {[%emt 00:07:36]}
28. Rf2 {[%clk 00:54:31]} {[%emt 00:03:25]} Kc6 {[%clk 00:26:52]} {[%emt
00:06:18]} 29. Bd2 {[%clk 00:50:14]} {[%emt 00:04:47]} Rxd2 {[%clk 00:17:00]}
{[%emt 00:10:23]} 30. Rxd2 {[%clk 00:50:38]} {[%emt 00:00:05]} Nf3+ {[%clk
00:17:23]} {[%emt 00:00:07]} 31. Kf2 {[%clk 00:51:01]} {[%emt 00:00:07]} Nxd2
{[%clk 00:17:48]} {[%emt 00:00:05]} 32. Ke3 {[%clk 00:51:28]} {[%emt 00:00:03]}
Nf1+ {[%clk 00:17:28]} {[%emt 00:00:50]} 33. Kf4 {[%clk 00:51:53]} {[%emt
00:00:05]} Kd5 {[%clk 00:14:13]} {[%emt 00:03:45]} 34. h5 {[%clk 00:47:25]}
{[%emt 00:04:58]} e5+ {[%clk 00:14:11]} {[%emt 00:00:33]} 35. Kg5 {[%clk
00:47:32]} {[%emt 00:00:23]} e4 {[%clk 00:13:41]} {[%emt 00:00:59]} 36. h6
{[%clk 00:46:22]} {[%emt 00:01:40]} e3 {[%clk 00:13:54]} {[%emt 00:00:17]} 37.
h7 {[%clk 00:46:48]} {[%emt 00:00:04]} e2 {[%clk 00:14:08]} {[%emt 00:00:17]}
38. h8=Q {[%clk 00:47:12]} {[%emt 00:00:05]} e1=Q {[%clk 00:14:20]} {[%emt
00:00:19]} 39. Qd8+ {[%clk 00:43:23]} {[%emt 00:04:19]} Kc6 {[%clk 00:14:06]}
{[%emt 00:00:43]} 40. Qa8+ {[%clk 00:41:39]} {[%emt 00:02:15]} Kd6 {[%clk
00:11:09]} {[%emt 00:03:27]} 41. Qd8+ {[%clk 00:41:01]} {[%emt 00:01:07]} Kc6
{[%clk 00:10:53]} {[%emt 00:00:46]} 42. Qc8+ {[%clk 00:36:10]} {[%emt
00:05:21]} Kd6 {[%clk 00:09:28]} {[%emt 00:01:55]} 43. Qc5+ {[%clk 00:34:00]}
{[%emt 00:02:40]} Kd7 {[%clk 00:09:17]} {[%emt 00:00:42]} 44. Qd5+ {[%clk
00:33:50]} {[%emt 00:00:40]} Ke8 {[%clk 00:07:58]} {[%emt 00:01:48]} 45. Qa8+
{[%clk 00:34:15]} {[%emt 00:00:06]} Kd7 {[%clk 00:08:01]} {[%emt 00:00:26]} 46.
Qa7+ {[%clk 00:33:27]} {[%emt 00:01:18]} Ke8 {[%clk 00:07:06]} {[%emt
00:01:25]} 47. Qa8+ {[%clk 00:33:36]} {[%emt 00:00:22]} Kd7 {[%clk 00:07:13]}
{[%emt 00:00:23]} 48. Qa7+ {[%clk 00:34:00]} {[%emt 00:00:06]}  1/2-1/2